000
00455nam a2200133Ia 4500
008
100328s9999 xx 000 0 und d
082
_b
8831
100
_a
भास
245
_a
प्रतिज्ञा यौगंारायण
260
_b
वोरा अॅन्ड कंपनी
630
_a
प्रतिज्ञा यौगंारायण
730
_a
प्रतिज्ञा यौगंारायण
942
_c
BOOK
999
_c
504569
_d
504566